000 00693nam a2200217Ia 4500
008 220216s9999 xx 000 0 und d
100 _aKothandaraman R
245 0 _aComparative efficiency of Mucuna bracteata D.C. and Pueraria phasioloides benth. on soil nutrient enrichment microbial population and growth of Hevea
260 _bIndian Journal of Natural Rubber Research
_c1989
300 _a147-150
650 _aCover crops
650 _aHevea brasiliensis
650 _aMucuna bracteata
650 _aPueraria phaseoloides
700 _aJayarathnam K
700 _aJoseph P M L
700 _aKrishnakumar A K
700 _aMathew J
700 _aSethuraj M R
942 _cJS
999 _c55921
_d55921